Statistics for Quiz on geographical landmarks

Click here to take the quiz!

General Stats

  • This quiz has been taken 867 times
  • The average score is 10 of 15

Answer Stats

HintAnswer% Correct
Highest mountain of the worldMt Everest
99%
Largest desert in the worldSahara
99%
Longest river in the worldNile
98%
Largest island in the worldGreenland
86%
Longest mountain range in the worldAndes
82%
Highest waterfalls in the worldAngel Falls
82%
Tallest active volcano of Europe in ItalyMount Etna
81%
Narrow body of water separating Russia and AmericasBering Strait
80%
Deepest point on EarthMariana Trench
70%
Multiple small landmass at river mouthDelta
62%
Largest freshwater lake in the worldLake Superior
60%
Landmass connecting North and South AmericaIsthmus of Panama
39%
Highest mountain outside AsiaMt. Aconcagua
39%
Largest sea in the world outside the oceansSouth China Sea
36%
Largest and highest plateau on earthTibetan Plateau
33%

Score Distribution

Percentile by Number Answered

Percent of People with Each Score

Your Score History

You have not taken this quiz